Mathematics of investment made simple / (Record no. 18673)
[ view plain ]
| 000 -LEADER | |
|---|---|
| fixed length control field | 00626nam a22002297a 4500 |
| 003 - CONTROL NUMBER IDENTIFIER | |
| control field | OSt |
| 005 - DATE AND TIME OF LATEST TRANSACTION | |
| control field | 20140310183055.0 |
| 008 - FIXED-LENGTH DATA ELEMENTS--GENERAL INFORMATION | |
| fixed length control field | 130228t xxu||||| |||| 00| 0 eng d |
| 020 ## - INTERNATIONAL STANDARD BOOK NUMBER | |
| International Standard Book Number | 9789712352560 |
| 050 ## - LIBRARY OF CONGRESS CALL NUMBER | |
| Classification number | HG 4515.3 |
| Item number | .Y68 2009 |
| 100 ## - MAIN ENTRY--PERSONAL NAME | |
| Personal name | Young, Felina C. |
| 245 ## - TITLE STATEMENT | |
| Title | Mathematics of investment made simple / |
| Statement of responsibility, etc | Felina C. Young. |
| 260 ## - PUBLICATION, DISTRIBUTION, ETC. (IMPRINT) | |
| Place of publication, distribution, etc | Manila. Philippines : |
| Name of publisher, distributor, etc | Rex Book Store, |
| Date of publication, distribution, etc | 2009. |
| 300 ## - PHYSICAL DESCRIPTION | |
| Extent | 353 p. : |
| Dimensions | 23 cm. |
| 521 ## - TARGET AUDIENCE NOTE | |
| Target audience note | |
| 650 ## - SUBJECT ADDED ENTRY--TOPICAL TERM | |
| Topical term or geographic name as entry element | Interest |
| General subdivision | Problems |
| 650 ## - SUBJECT ADDED ENTRY--TOPICAL TERM | |
| Topical term or geographic name as entry element | Interest |
| General subdivision | Mathematical models |
| 942 ## - ADDED ENTRY ELEMENTS (KOHA) | |
| Source of classification or shelving scheme | Library of Congress Classification |
| Koha item type | Books |
| Call number prefix | Local |
| Withdrawn status | Lost status | Source of classification or shelving scheme | Damaged status | Home library | Current library | Shelving location | Date acquired | Source of acquisition | Total Checkouts | Full call number | Barcode | Date last seen | Copy number | Price effective from | Koha item type | Total Renewals | Date checked out |
|---|---|---|---|---|---|---|---|---|---|---|---|---|---|---|---|---|---|
| Library of Congress Classification | Archives | Archives | 12/09/2013 | Donation | HG 4515.3 .Y68 2009 | C11785 | 05/15/2018 | 2 | 12/09/2013 | Books | |||||||
| Library of Congress Classification | College Library | College Library | General Circulation Section | 01/31/2013 | HG 4515.3 .Y68 2009 | C16713 | 05/15/2018 | 1 | 10/18/2013 | Books | |||||||
| Library of Congress Classification | College Library | College Library | General Circulation Section | 12/09/2013 | 1 | HG 4515.3 .Y68 2009 | C11784 | 05/15/2018 | 3 | 12/09/2013 | Books | 7 | 01/27/2017 |